| 000 | 00618nam a2200205 i 4500 | ||
|---|---|---|---|
| 001 | 91155 | ||
| 003 | ES-MaACL | ||
| 005 | 20230906180645.0 | ||
| 007 | t| | ||
| 008 | 050127s1968 sp a |||| | spa d | ||
| 080 | _a636.2.088.5 | ||
| 100 | 1 |
_aLeroy, André M. _9161433 |
|
| 245 | 1 | 3 |
_aLa vaca lechera / _cpor André-M. Leroy ; traducida por José Mª Soler y Coll. |
| 250 | _a1ª ed. | ||
| 260 |
_aBarcelona : _bGea, _c1968. |
||
| 300 |
_a263 p. : _bil. ; _c22 cm. |
||
| 650 | 0 | 4 |
_aGanado vacuno de leche- _xCría y explotación. _913029 |
| 700 | 1 |
_aSoler Coll, José Maria. _9107171 |
|
| 852 |
_aES-MaACL _jC-46811 |
||
| 999 |
_c91155 _d91155 |
||